000 00228nam a2200097Ia 4500
005 20251222120159.0
008 251222s1900||||xx |||||||||||||| ||spa||
082 _aDVD0070/K56/1943
245 4 _aThe Song of Bernadette:
942 _cDVD
999 _c2372
_d2372